Vyaṅgya satasaī. (Record no. 77250)

MARC details
000 -LEADER
fixed length control field 00600cam a22002291 4500
001 - CONTROL NUMBER
control field sa 68000497
003 - CONTROL NUMBER IDENTIFIER
control field DLC
005 - DATE AND TIME OF LATEST TRANSACTION
control field 20260227112424.0
008 - FIXED-LENGTH DATA ELEMENTS--GENERAL INFORMATION
fixed length control field 890428s1967 ii 000 0 hino
010 ## - LIBRARY OF CONGRESS CONTROL NUMBER
LC control number sa 68000497
035 ## - SYSTEM CONTROL NUMBER
System control number (OCoLC)19620184
040 ## - CATALOGING SOURCE
Original cataloging agency DLC
Transcribing agency WaU
Modifying agency DLC
042 ## - AUTHENTICATION CODE
Authentication code premarc
043 ## - GEOGRAPHIC AREA CODE
Geographic area code a-ii---
050 00 - LIBRARY OF CONGRESS CALL NUMBER
Classification number PK2098.J244
Item number V9
100 1# - MAIN ENTRY--PERSONAL NAME
Personal name Jain, Mishri Mal,
Dates associated with a name 1915-
245 10 - TITLE STATEMENT
Title Vyaṅgya satasaī.
260 ## - PUBLICATION, DISTRIBUTION, ETC.
Date of publication, distribution, etc. [1967]
300 ## - PHYSICAL DESCRIPTION
Extent 3, 3, 4, 100, 8 p.
Dimensions 19 cm.
500 ## - GENERAL NOTE
General note In Hindi.
651 #0 - SUBJECT ADDED ENTRY--GEOGRAPHIC NAME
Geographic name India
General subdivision Politics and government
-- Anecdotes, facetiae, satire, etc.

No items available.

Powered by Koha